[Event "Mermaid Beach Club"]
[Site "Bermuda"]
[Date "1999.01.29"]
[Round "9"]
[White "Teplitsky, Yan"]
[Black "Waitzkin, Joshua"]
[Result "0-1"]
[WhiteElo "2453"]
[BlackElo "2467"]

1.c4 c6 2.Nf3 d5 3.e3 Nf6 4.Nc3 e6 5.d4 Nbd7 6.Qc2 b6 7.Be2 Bb7 8.O-O Be7
9.Rd1 Qc7 10.Rb1 dxc4 11.Bxc4 c5 12.dxc5 Qxc5 13.Qe2 a6 14.b4 Qc7 15.Bd2 O-O
16.e4 Rfc8 17.Bd3 Ng4 18.Rbc1 Qb8 19.a3 b5 20.Bb1 Bd6 21.h3 Nge5 22.Nxe5 Nxe5
23.Bf4 Nf3+ 24.Qxf3 Bxf4 25.Rc2 Bc6 26.Nd5 Bg5 27.Qd3 g6 28.Nc3 Qe5 29.Qe2 Rd8
30.Nd5 Bb7 31.Nc3 Rxd1+ 32.Qxd1 Rd8 33.Qe2 Bf6 34.g3 Qd4 35.Qf3 Be5 36.h4 Qd3
37.Kg2 Qxf3+ 38.Kxf3 Rd3+  0-1

[Event "ISR-chT"]
[Site "Israel"]
[Date "1999.01.29"]
[Round "4"]
[White "Haimovich, Tal"]
[Black "Kundin, Alexander"]
[Result "1-0"]
[WhiteElo "2320"]
[BlackElo "2398"]

1.d4 d5 2.c4 c6 3.Nf3 Nf6 4.Nc3 e6 5.e3 Nbd7 6.Qc2 Bd6 7.Bd3 O-O 8.O-O dxc4
9.Bxc4 a6 10.Bd2 c5 11.Ne4 Nxe4 12.Qxe4 Nf6 13.Qh4 b5 14.Bd3 Bb7 15.Rfd1 c4
16.Bc2 Ne4 17.Qh5 g6 18.Qh6 f5 19.Be1 Qf6 20.a3 Bd5 21.Ne5 Bxe5 22.dxe5 Qxe5
23.f3 Qxb2 24.fxe4 fxe4 25.Rac1 Rf5 26.Bb4 a5 27.Bc5 Rh5 28.Qf4 Rf5 29.Qg3 Bc6
30.Qd6 Bd5 31.Bd4 c3 32.Qc7 e5 33.Bxc3  1-0

[Event "Bundesliga 9899"]
[Site "Germany"]
[Date "1999.01.30"]
[Round "8.4"]
[White "Ziegler, Ari"]
[Black "Rogozenko, Dorin"]
[Result "0-1"]
[WhiteElo "2402"]
[BlackElo "2557"]

1.d4 d5 2.c4 c6 3.Nc3 Nf6 4.e3 e6 5.Nf3 Nbd7 6.Bd3 dxc4 7.Bxc4 b5 8.Bd3 a6
9.e4 c5 10.d5 c4 11.dxe6 fxe6 12.Bc2 Qc7 13.O-O Bc5 14.Qe2 Ne5 15.Nxe5 Qxe5
16.Be3 Bxe3 17.Qxe3 Ng4 18.Qh3 h5 19.Rad1 O-O 20.Rd2 Qg5 21.f4 Qc5+ 22.Kh1 Qe3
23.Qxe3 Nxe3 24.Rff2 Nxc2 25.Rxc2 Bb7 26.a3 Rad8 27.g3 a5 28.Rfe2 Bc6 29.a4 b4
30.Nb5 Rd1+ 31.Kg2 c3 32.bxc3 Bxb5 33.axb5 b3 34.Rb2 a4 35.e5 Rc1 36.Kh3 Rxc3  0-1

[Event "Bundesliga 9899"]
[Site "Germany"]
[Date "1999.01.30"]
[Round "8.4"]
[White "Huebner, Robert"]
[Black "Mueller, Karsten"]
[Result "1/2-1/2"]
[WhiteElo "2585"]
[BlackElo "2558"]

1.d4 d5 2.c4 c6 3.Nc3 e6 4.Nf3 Nf6 5.e3 Nbd7 6.Bd3 dxc4 7.Bxc4 b5 8.Be2 Bb7
9.e4 b4 10.e5 bxc3 11.exf6 Nxf6 12.bxc3 Bd6 13.O-O O-O 14.c4 c5 15.Ba3 Ne4
16.dxc5 Bxc5 17.Bxc5 Nxc5 18.Qxd8 Rfxd8 19.Rfd1 Kf8 20.Nd4 Na4 21.Rac1 Nc5
22.f3 Ke7 23.Kf2 Rd7 24.Ke3 Rc8 25.Nb5 a6 26.Rxd7+ Nxd7 27.Nd4 Nc5 28.Nb3 e5
29.g3 Nxb3 30.axb3 a5 31.Ra1 Ra8 32.Bd3 Ke6 33.Be4 Bxe4 34.fxe4 Rb8 35.Ra3 Kd6
36.Kd3 Kc6 37.Kc3 Kb6 38.b4 axb4+ 39.Kxb4 Kc6+ 40.Kc3 Rb1 41.Ra6+ Kc5 42.Ra5+ Kd6
43.Ra6+ Kc5 44.Ra5+ Kd6 45.Ra6+  1/2-1/2

[Event "Bundesliga 9899"]
[Site "Germany"]
[Date "1999.01.30"]
[Round "8.5"]
[White "Hansen, Curt"]
[Black "Schwalfenberg, Joerg"]
[Result "1-0"]
[WhiteElo "2608"]
[BlackElo "2360"]

1.d4 d5 2.c4 c6 3.Nc3 Nf6 4.e3 e6 5.Nf3 Nbd7 6.Bd3 Bd6 7.O-O O-O 8.e4 dxc4
9.Bxc4 e5 10.Bg5 Qe7 11.d5 Nb6 12.Bb3 Bg4 13.h3 Bxf3 14.Qxf3 Nbd7 15.dxc6 bxc6
16.Ne2 h6 17.Bh4 g5 18.Ng3 Ne8 19.Nf5 Qf6 20.Bg3 Nc5 21.Rfd1 Bc7 22.Rac1 Bb6
23.h4 Ng7 24.Rd6 Nge6 25.Rxc6 Nxb3 26.axb3 Rfd8 27.Qh5 Rd3 28.Nxh6+ Kf8  1-0

[Event "Nova Gorica op"]
[Site "Nova Gorica"]
[Date "1999.01.30"]
[Round "3"]
[White "Jankovic, Alojzije"]
[Black "Pavasovic, Dusko"]
[Result "0-1"]
[WhiteElo "2213"]
[BlackElo "2502"]

1.d4 d5 2.Nf3 Nf6 3.c4 e6 4.Nc3 c6 5.e3 Nbd7 6.Qc2 Bd6 7.Bd3 O-O 8.O-O dxc4
9.Bxc4 b5 10.Bd3 Bb7 11.Rd1 a6 12.h3 Qc7 13.Ng5 h6 14.Nge4 Be7 15.Nxf6+ Nxf6
16.Ne4 Nxe4 17.Bxe4 Rac8 18.Bd2 c5 19.dxc5 Bxc5 20.Rac1 Qe7 21.Bc3 Bb4 22.Bxb7 Qxb7
23.Qd2 Bxc3 24.Rxc3 Rxc3 25.Qxc3 Rc8 26.Qd4 Qc6 27.Qf4 a5 28.b3 Rc7 29.Rd6 Qb7
30.Qd4 Rc1+ 31.Kh2 Qc7 32.f4 Qc2 33.Qd2 a4 34.bxa4 bxa4 35.Rd8+ Kh7 36.Rd7 Qb1
37.Qd3+ Qxd3 38.Rxd3 Rc4 39.Kg3 Kg6 40.Kf3 e5 41.g4 e4+  0-1

[Event "BL2-N9899"]
[Site "Germany"]
[Date "1999.01.31"]
[Round "5.3"]
[White "Dyballa, Markus"]
[Black "Boehnisch, Manfred"]
[Result "1-0"]
[WhiteElo "2310"]
[BlackElo "2335"]

1.d4 d5 2.c4 c6 3.Nc3 Nf6 4.e3 e6 5.Nf3 Nbd7 6.Qc2 Bd6 7.g4 dxc4 8.g5 Nd5
9.Bxc4 a6 10.Bd2 Qe7 11.O-O-O b5 12.Be2 Bb7 13.Ne4 c5 14.Nxd6+ Qxd6 15.dxc5 Qxc5
16.Qxc5 Nxc5 17.Rhg1 O-O 18.Rg4 Rac8 19.Kb1 Nb6 20.Rd4 Nc4 21.Bb4 a5 22.Bxc5 Rxc5
23.h4 a4 24.Ne1 e5 25.Rd7 Bc6 26.Rd8 Be4+ 27.Ka1 h6 28.Rxf8+ Kxf8 29.Nd3 Rc8
30.b3 axb3 31.axb3 Na5 32.Kb2 hxg5 33.hxg5 f6 34.Nb4 fxg5 35.Rd6 Nc6 36.Nxc6 Rxc6
37.Rxc6 Bxc6 38.Kc3 Ke7 39.Kb4 Kd6 40.Bxb5 Bb7 41.Ka5 Kc7 42.b4 Bc8 43.Bd3 Bb7
44.Kb5 e4 45.Bc4 Kd6 46.Kb6 Bc8 47.Ba6 Bd7 48.Bb7 Ke5 49.Bc6 Be6 50.b5 g4
51.Kc7 Bc4 52.b6 Ba6 53.Bb5 Bxb5 54.b7 Be2 55.b8=Q Bf3 56.Qb2+ Kd5 57.Qd4+  1-0

[Event "Bundesliga 9899"]
[Site "Germany"]
[Date "1999.01.31"]
[Round "9.2"]
[White "Epishin, Vladimir"]
[Black "Beikert, Guenther"]
[Result "1-0"]
[WhiteElo "2578"]
[BlackElo "2440"]

1.d4 d5 2.c4 c6 3.Nc3 Nf6 4.e3 e6 5.Nf3 Nbd7 6.Qc2 b6 7.Bd3 Ba6 8.b3 Bd6
9.O-O O-O 10.Bb2 Qe7 11.e4 dxc4 12.bxc4 e5 13.Ne2 Rfe8 14.Ng3 g6 15.a4 Rac8
16.a5 Bb7 17.c5 bxc5 18.dxe5 Nxe5 19.Nxe5 Bxe5 20.Bxe5 Qxe5 21.Bc4 Rc7 22.Rad1 Qf4
23.f3 Rd7 24.Qf2 Qg5 25.Rxd7 Nxd7 26.f4 Qh4 27.Qa2 Re7 28.e5 Bc8 29.Bxf7+ Kg7
30.Bc4 Nf8 31.Ne4 Ne6 32.Qf2 Qxf2+ 33.Rxf2 Rb7 34.Bxe6 Bxe6 35.Nxc5 Re7 36.Rb2 g5
37.g3 Kg6 38.Kf2 Bd5 39.Ke3 Kf5 40.Rb8 gxf4+ 41.gxf4 Kg4 42.Rf8 Kh3 43.Kd4 Kxh2
44.f5 h5 45.f6 Rh7 46.e6 Bxe6 47.Nxe6 h4 48.f7 h3 49.Ng5  1-0

[Event "Bundesliga 9899"]
[Site "Germany"]
[Date "1999.01.31"]
[Round "9.2"]
[White "Ribli, Zoltan"]
[Black "Agdestein, Simen"]
[Result "1/2-1/2"]
[WhiteElo "2582"]
[BlackElo "2550"]

1.c4 c6 2.d4 d5 3.Nc3 Nf6 4.e3 e6 5.Nf3 Nbd7 6.Bd3 dxc4 7.Bxc4 b5 8.Bd3 Bb7
9.a3 b4 10.Ne4 Nxe4 11.Bxe4 bxa3 12.bxa3 Bd6 13.Rb1 Qc7 14.Qc2 h6 15.O-O O-O
16.Bb2 Rfc8 17.Rfc1 Rab8 18.h3 c5 19.dxc5 Nxc5 20.Bxb7 Rxb7 21.Nd2 Qd7 22.Ne4 Bf8
23.Rd1 Qa4 24.Qxa4 Nxa4 25.Bd4 Rxb1 26.Rxb1 a6 27.g4 f6 28.Kg2 e5 29.Ba7 Rc7
30.Bb8 Rc4 31.Bd6 Nc3 32.Nxf6+ gxf6 33.Rb8 Ne4 34.Bxf8 Rc2 35.Bb4+ Kf7 36.Be1 Ra2
37.Rb4 Nc5 38.Rb1 Nd3 39.Kf3 Rxa3 40.Ke4 Nxe1 41.Rxe1 Ra2  1/2-1/2

[Event "Nova Gorica op"]
[Site "Nova Gorica"]
[Date "1999.01.31"]
[Round "4"]
[White "Jankovic, Branimir"]
[Black "Timoshchenko, Gennadi A"]
[Result "0-1"]
[WhiteElo "2208"]
[BlackElo "2500"]

1.d4 d5 2.c4 e6 3.Nc3 c6 4.e3 Nf6 5.Nf3 Nbd7 6.Qc2 Bd6 7.Bd3 O-O 8.O-O dxc4
9.Bxc4 b5 10.Be2 Bb7 11.Rd1 Qc7 12.b3 a6 13.Ne4 Nxe4 14.Qxe4 c5 15.Qh4 Rfe8
16.dxc5 Be7 17.Qh3 Bf6 18.Nd4 Nxc5 19.Bb2 Rad8 20.Rac1 Qb6 21.Qg3 Rd7 22.Bf3 Bxf3
23.Qxf3 Red8 24.b4 Na4 25.Ba1 e5 26.Nb3 Rxd1+ 27.Rxd1 e4 28.Bxf6 Qxf6 29.Qg4 Nc3
30.Rxd8+ Qxd8 31.h3 Nxa2 32.Qxe4 Qd1+ 33.Kh2 Qd6+ 34.g3 Nxb4 35.Nd4 g6 36.Nf3 Qc6
37.Qf4 Nd3 38.Qb8+ Kg7 39.Nd4 Qf6 40.f4 Qe7 41.Qb6 Qa3 42.Kg2 Qa2+ 43.Kf3 Ne1+
44.Ke4 f6 45.f5 Qg2+ 46.Kf4 Nd3+ 47.Kg4 Qe4+  0-1

[Event "Nova Gorica op"]
[Site "Nova Gorica"]
[Date "1999.02.01"]
[Round "5"]
[White "Nikolov, Sasho"]
[Black "Karer, Gregor"]
[Result "1-0"]
[WhiteElo "2395"]
[BlackElo "2088"]

1.d4 d5 2.c4 c6 3.Nf3 Nf6 4.Nc3 e6 5.e3 Nbd7 6.Bd3 dxc4 7.Bxc4 b5 8.Bd3 a6
9.e4 c5 10.d5 exd5 11.exd5 Bd6 12.O-O O-O 13.Re1 h6 14.Nd2 Nb6 15.Nde4 Nbxd5
16.Nxd5 Nxd5 17.Qh5 Nf4 18.Bxf4 Bxf4 19.Rad1 Qc7 20.g3 c4 21.gxf4 cxd3 22.Nf6+ Kh8
23.Nd5 Qd6 24.Rxd3 Bb7 25.Qe5 Rad8 26.Red1 Rfe8 27.Qxd6 Rxd6 28.Ne3 Rxd3
29.Rxd3 Rc8 30.h3 Rc1+ 31.Kh2 Rh1+ 32.Kg3 Rg1+ 33.Kh2 Rh1+ 34.Kg3 Kh7 35.f5 Rg1+
36.Kf4 g5+ 37.fxg6+ Rxg6 38.Rd7 Bc8 39.Rxf7+ Kg8 40.Ra7 Bxh3 41.Nd5 Rg4+
42.Ke5 Rg5+ 43.Kd4 h5 44.Nf6+ Kh8 45.Rh7+  1-0

[Event "HUN-ch"]
[Site "Lillafured"]
[Date "1999.02.02"]
[Round "2"]
[White "Farago, Ivan"]
[Black "Pinter, Jozsef"]
[Result "1/2-1/2"]
[WhiteElo "2533"]
[BlackElo "2581"]

1.d4 Nf6 2.c4 e6 3.Nf3 d5 4.Nc3 c6 5.e3 Nbd7 6.Qc2 Bd6 7.Bd3 O-O 8.O-O dxc4
9.Bxc4 a6 10.a4 c5 11.dxc5  1/2-1/2

[Event "Vijnce Toth mem"]
[Site "Rio de Janeiro"]
[Date "1999.02.02"]
[Round "3"]
[White "Sunye Neto, Jaime"]
[Black "Miranda, Marcio MC"]
[Result "1-0"]
[WhiteElo "2546"]
[BlackElo "2285"]

1.c4 c6 2.Nf3 Nf6 3.Nc3 d5 4.d4 e6 5.e3 Nbd7 6.Qc2 Bd6 7.b3 O-O 8.Be2 Re8
9.O-O dxc4 10.bxc4 e5 11.h3 Qe7 12.c5 Bc7 13.Bc4 h6 14.Rd1 b6 15.cxb6 axb6
16.Bb2 e4 17.Nd2 b5 18.Bb3 b4 19.Nb5 Bb8 20.Qxc6 Ra6 21.Qc4 Bb7 22.Rac1 Nd5
23.Qe2 Rg6 24.Nf1 Qh4 25.Kh1 Ree6 26.Bxd5 Bxd5 27.Nc7 Bxc7 28.Rxc7 Nf6 29.Nh2 h5
30.Rc5 Rd6 31.a4 Be6 32.Rg1 Nd5 33.Qe1 Rf6 34.f3 Qxe1 35.Rxe1 exf3 36.Nxf3 Bxh3
37.Ng5 Bd7 38.Rec1 g6 39.e4 Nf4 40.e5 Nd3 41.exf6 Nxc1 42.Rxc1 Rxf6 43.d5 Rf5
44.Ne4 Kf8 45.a5 Rxd5 46.Nf6 Rd2 47.Nxd7+ Rxd7 48.a6  1-0

[Event "HUN-ch"]
[Site "Lillafured"]
[Date "1999.02.05"]
[Round "5"]
[White "Farago, Ivan"]
[Black "Horvath, Csaba"]
[Result "1/2-1/2"]
[WhiteElo "2533"]
[BlackElo "2524"]

1.d4 d5 2.c4 e6 3.Nf3 Nf6 4.Nc3 c6 5.e3 Nbd7 6.Qc2 Bd6 7.Bd3 O-O 8.O-O dxc4
9.Bxc4 a6 10.Rd1 b5 11.Bf1 Qc7 12.e4 e5 13.h3 Bb7 14.dxe5 Nxe5 15.Nd4 Ned7  1/2-1/2

[Event "Koltanowski Team Match"]
[Site "San Francisco"]
[Date "1999.02.06"]
[Round "5"]
[White "O'Donnell, Tom"]
[Black "Bhat, Vinay S"]
[Result "1-0"]
[WhiteElo "2357"]
[BlackElo "2312"]

1.Nf3 d5 2.d4 c6 3.c4 e6 4.Nc3 Nf6 5.e3 Nbd7 6.Qc2 b6 7.Be2 Bb7 8.O-O Be7
9.Rd1 Qc7 10.b3 O-O 11.Bb2 h6 12.Rac1 Rac8 13.e4 dxe4 14.Nxe4 Nxe4 15.Qxe4 c5
16.Qe3 Bf6 17.Rc2 cxd4 18.Nxd4 Rfd8 19.Nb5 Qc6 20.Bf1 Qe4 21.Qxe4 Bxe4 22.Rcd2 Bxb2
23.Rxb2 Nc5 24.Rbd2 Rxd2 25.Rxd2 Ra8 26.b4 Na6 27.a3 Bc6 28.Nc3 Nc7 29.a4 Kf8
30.b5 Be8 31.Ra2 a6 32.a5 axb5 33.axb6 Rxa2 34.Nxa2 Na6 35.b7 bxc4 36.Bxc4 Nb8
37.Nb4 Bc6 38.Na6 Bxb7 39.Nxb8 Ke7 40.Na6 Kd6 41.f3 f5 42.Kf2 e5 43.Bf1 g5
44.Bd3 e4 45.fxe4 fxe4 46.Bf1 h5 47.Nb4 Ke5 48.Ke3 Bc8 49.Na2 h4 50.Nc3 Bf5
51.Ba6 Bd7 52.Bb7 Kf5 53.Bxe4+ Ke5 54.Ne2 Bc8 55.Nd4 Kf6 56.Nc6 Bd7 57.Kd4 Bc8
58.Nb4 g4 59.Nd5+ Kg5 60.Ke5 Ba6 61.Nf4 Bf1 62.Ne6+ Kh5 63.Kf4 Be2 64.Ng7+ Kh6
65.Nf5+ Kh5 66.Bc6 Kg6 67.Nxh4+  1-0

[Event "Goodricke 10th op"]
[Site "Calcutta"]
[Date "1999.02.07"]
[Round "2"]
[White "Prakash, G B."]
[Black "Sriram, Jha"]
[Result "1/2-1/2"]
[WhiteElo "2400"]
[BlackElo "2325"]

1.d4 d5 2.Nf3 Nf6 3.c4 c6 4.e3 e6 5.Nc3 Nbd7 6.Qc2 Bd6 7.Be2 O-O 8.O-O Re8
9.Rd1 Qe7 10.h3 h6 11.a3 dxc4 12.Bxc4 e5 13.Nh4 Nf8 14.dxe5 Qxe5 15.Nf3 Qe7
16.Bd2 Bd7 17.Be1 Rad8 18.b4 Bb8 19.a4 Be6 20.Bd3 Nd5 21.Nxd5 Bxd5 22.Be2 Ng6
23.Bc3 Qc7 24.Qf5 Bxf3 25.Bxf3 Qh2+ 26.Kf1 Nf4 27.g3 Qxh3+ 28.Qxh3 Nxh3 29.b5 Ng5
30.Bg2 cxb5 31.axb5 b6 32.Bc6 Rxd1+ 33.Rxd1 Rc8 34.Bb4 Ne6 35.Rd7 Rd8 36.Rb7 Nc5
37.Bxc5 bxc5 38.e4 c4 39.Bd5 c3 40.Bxf7+ Kh7 41.Bb3 Be5 42.f4 Bd4 43.e5 Bb6
44.Bc2+ Kg8 45.e6 Rc8 46.Ke2 Kf8 47.Rf7+ Kg8 48.Rd7 Kf8 49.Kd3 Rc7 50.Rxc7 Bxc7
51.Kxc3 Ke7 52.Bb3 h5 53.Kd4 h4 54.gxh4 Bxf4  1/2-1/2

[Event "Vijnce Toth mem"]
[Site "Rio de Janeiro"]
[Date "1999.02.07"]
[Round "8"]
[White "Garcia Palermo, Carlos"]
[Black "Matsuura, Everaldo"]
[Result "1/2-1/2"]
[WhiteElo "2491"]
[BlackElo "2380"]

1.d4 d5 2.c4 c6 3.Nf3 Nf6 4.Nc3 e6 5.e3 Nbd7 6.Bd3 dxc4 7.Bxc4 b5 8.Be2 Be7
9.e4 b4 10.e5 bxc3 11.exf6 Bxf6 12.bxc3 O-O 13.O-O c5 14.Be3 cxd4 15.Nxd4 Bb7
16.Rb1 Bd5 17.c4 Be4 18.Rc1 Ne5 19.Qa4 Qc7 20.Rfd1 a6 21.f3 Bb7 22.Nb3 Bc6
23.Qa5 Qxa5 24.Nxa5 Ba4 25.Rd6 Rfd8 26.Rb6 Nd3 27.Rcb1 Bc2 28.Nc6 Bxb1 29.Nxd8 Bxa2
30.Bxd3 Rxd8 31.Rxa6 Rxd3 32.Rxa2 g5 33.Kf2 Rc3 34.c5 h6 35.Ke2 Be5 36.Kd2 Rc4
37.g3 Kf8 38.Kd3 Rc3+ 39.Ke4 Bg7 40.Ra8+ Ke7 41.Ra7+ Ke8 42.Ra8+  1/2-1/2

[Event "RUS-Cup03 (Geller mem)"]
[Site "Moscow"]
[Date "1999.02.08"]
[Round "7"]
[White "Dolinskij, Boris"]
[Black "Grachev, Boris"]
[Result "0-1"]
[WhiteElo "2376"]
[BlackElo "2192"]

1.d4 d5 2.c4 e6 3.Nc3 c6 4.e3 Nf6 5.Nf3 Nbd7 6.Qc2 Bd6 7.b3 O-O 8.Be2 Qe7
9.O-O b6 10.e4 dxe4 11.Nxe4 Nxe4 12.Qxe4 Bb7 13.Ne5 f5 14.Qe3 c5 15.Bb2 cxd4
16.Bxd4 f4 17.Qh3 Bxe5 18.Bd3 g6 19.Rae1 Bxd4 20.Rxe6 Qg7  0-1

[Event "Koltanowski Team Match"]
[Site "San Francisco"]
[Date "1999.02.08"]
[Round "7"]
[White "Browne, Walter S"]
[Black "Bhat, Vinay S"]
[Result "1/2-1/2"]
[WhiteElo "2516"]
[BlackElo "2312"]

1.d4 d5 2.c4 e6 3.Nc3 c6 4.e3 Nf6 5.Nf3 Nbd7 6.Qc2 b6 7.Bd3 Bb7 8.O-O Be7
9.b3 Qc7 10.Bb2 O-O 11.Rad1 h6 12.e4 dxe4 13.Nxe4 Nxe4 14.Bxe4 Nf6 15.Bd3 c5
16.Ne5 cxd4 17.Bxd4 Rfd8 18.Bb2 Rac8 19.Qe2 Bf8 20.h3 Rd6 21.Ng4 Nxg4 22.Qxg4 Qc5
23.Bb1 Rcd8 24.Rde1 Qg5 25.Qxg5 hxg5 26.Bc1 Be7 27.Bc2 Kf8 28.Re2 R6d7 29.Rfe1 Bb4
30.Rf1 Be7 31.Rfe1 Bb4 32.Rf1  1/2-1/2

[Event "HUN-ch"]
[Site "Lillafured"]
[Date "1999.02.09"]
[Round "9"]
[White "Horvath, Csaba"]
[Black "Acs, Peter"]
[Result "1-0"]
[WhiteElo "2524"]
[BlackElo "2521"]

1.Nf3 d5 2.c4 c6 3.e3 Nf6 4.Nc3 e6 5.d4 Nbd7 6.Bd3 dxc4 7.Bxc4 b5 8.Bd3 a6
9.e4 c5 10.e5 cxd4 11.Nxb5 axb5 12.exf6 gxf6 13.O-O Qb6 14.Qe2 Ra5 15.Bf4 Bb7
16.Rfc1 Bd6 17.Bxd6 Qxd6 18.Be4 Bxe4 19.Rc8+ Ke7 20.Rxh8 Qd5 21.Qd2 Ra4 22.b3 Ra6
23.Nxd4 Rd6 24.Qa5 Nf8 25.Qa7+ Nd7 26.Qc7  1-0

[Event "RUS-Cup03 (Geller mem)"]
[Site "Moscow"]
[Date "1999.02.09"]
[Round "8"]
[White "Tosic, Miroslav"]
[Black "Donchenko, Anatoly G"]
[Result "1/2-1/2"]
[WhiteElo "2517"]
[BlackElo "2382"]

1.d4 d5 2.c4 e6 3.Nf3 Nf6 4.Nc3 c6 5.e3 Nbd7 6.a3 Bd6 7.Bd3 O-O 8.e4 dxe4
9.Nxe4 Nxe4 10.Bxe4 e5 11.c5 Bc7 12.O-O exd4 13.Qxd4  1/2-1/2

[Event "RUS-Cup03 (Geller mem)"]
[Site "Moscow"]
[Date "1999.02.09"]
[Round "8"]
[White "Dokuchaev, Aleksander"]
[Black "Kulikov, Alexander O"]
[Result "1/2-1/2"]
[WhiteElo "2443"]
[BlackElo "2405"]

1.d4 d5 2.c4 c6 3.Nc3 Nf6 4.e3 e6 5.Nf3 Nbd7 6.Qc2 Be7 7.b3 O-O 8.Bd3 b6
9.O-O Bb7 10.Bb2 Rc8 11.Rad1 Qc7 12.e4  1/2-1/2

[Event "Goodricke 10th op"]
[Site "Calcutta"]
[Date "1999.02.10"]
[Round "5"]
[White "Gokhale, Anupama"]
[Black "Shetty, Rahul"]
[Result "0-1"]
[WhiteElo "2215"]
[BlackElo "2325"]

1.d4 d5 2.c4 e6 3.Nc3 c6 4.e3 Nf6 5.Nf3 Nbd7 6.Qc2 Bd6 7.Be2 O-O 8.O-O dxc4
9.Bxc4 e5 10.h3 Qe7 11.e4 exd4 12.Nxd4 Ne5 13.Be2 Ng6 14.Re1 Re8 15.Bf1 Qe5
16.Nf3 Qh5 17.Be2 Bxh3 18.gxh3 Qxh3 19.e5 Rxe5 20.Nxe5 Bxe5 21.Bd3 Nh4 22.Be4 Nxe4
23.Qxe4 Bh2+ 24.Kh1 Bg3+ 25.Kg1 Qh2+  0-1

[Event "Malaga op"]
[Site "Malaga"]
[Date "1999.02.10"]
[Round "8"]
[White "San Segundo, Pablo"]
[Black "Korneev, Oleg"]
[Result "1/2-1/2"]
[WhiteElo "2483"]
[BlackElo "2583"]

1.d4 d5 2.c4 e6 3.Nc3 c6 4.Nf3 Nf6 5.e3 Nbd7 6.Bd3 dxc4 7.Bxc4 b5 8.Bd3 a6
9.e4 c5 10.e5 cxd4 11.Ne4 Nd5 12.O-O h6 13.a4 b4 14.Bc4 Bb7 15.a5 Qc7 16.Qxd4 Bc5
17.Nxc5 Qxc5 18.Qg4 g5 19.Bb3 Qc7 20.Bd2 Nxe5 21.Nxe5 Qxe5 22.Rfe1 Qxb2 23.Bxb4 Qxb3
24.Rxe6+ fxe6 25.Qxe6+ Kd8 26.Qd6+ Ke8 27.Qg6+ Kd8 28.Qd6+ Ke8 29.Qe6+ Kd8
30.Be7+ Nxe7 31.Qxb3 Bd5 32.Rd1 Ke8 33.Rxd5 Nxd5 34.Qxd5 Ke7 35.Qe5+ Kf7
36.Qf5+ Kg7 37.Qd7+ Kg6 38.Qe6+ Kg7 39.Qd7+ Kg6 40.Qd6+ Kg7 41.Qd7+  1/2-1/2

[Event "RUS-Cup03 (Geller mem)"]
[Site "Moscow"]
[Date "1999.02.10"]
[Round "1"]
[White "Kharitonov, Andrei Y"]
[Black "Filipenko, Alexander V"]
[Result "1/2-1/2"]
[WhiteElo "2562"]
[BlackElo "2360"]

1.d4 d5 2.c4 c6 3.Nf3 Nf6 4.Nc3 e6 5.e3 Nbd7 6.Qc2 b6 7.Bd3 Bb7 8.O-O Be7
9.b3 Qc7 10.Bb2 Rd8 11.Rac1 Qb8 12.Qe2 O-O 13.Rfd1 c5 14.cxd5 Nxd5 15.Nxd5 Bxd5
16.Bb1 Qa8 17.dxc5 Nxc5 18.Ne5 f6 19.Qh5 Be4 20.Rxd8 Bxd8 21.Nc4 Be7 22.Ba3  1/2-1/2

[Event "RUS-Cup03 (Geller mem)"]
[Site "Moscow"]
[Date "1999.02.10"]
[Round "9"]
[White "Korotylev, Alexey"]
[Black "Iskusnyh, Sergei"]
[Result "1/2-1/2"]
[WhiteElo "2440"]
[BlackElo "2486"]

1.d4 d5 2.c4 c6 3.Nc3 Nf6 4.e3 e6 5.Nf3 Nbd7 6.Qc2 Bd6 7.Bd3 O-O 8.O-O dxc4
9.Bxc4 a6 10.Rd1 Qe7 11.Ne4 Nxe4 12.Qxe4 e5 13.Bd2 Nf6 14.Qh4 e4 15.Ne5 Bxe5
16.dxe5 Qxe5 17.Bc3 Qf5 18.Rd6 Be6 19.Bxf6 Bxc4 20.g4 Qc5 21.Bxg7 Kxg7 22.Qf6+ Kg8
23.Rc1 Qb5 24.Rxc4  1/2-1/2

[Event "Goodricke 10th op"]
[Site "Calcutta"]
[Date "1999.02.11"]
[Round "6"]
[White "Kidambi, Sundararajan"]
[Black "Neelotpal, Das"]
[Result "0-1"]
[WhiteElo "2350"]
[BlackElo "2435"]

1.d4 d5 2.c4 c6 3.Nc3 Nf6 4.e3 e6 5.Nf3 Nbd7 6.Bd3 dxc4 7.Bxc4 b5 8.Bd3 Bb7
9.e4 b4 10.Na4 c5 11.e5 Nd5 12.dxc5 Qa5 13.O-O Bxc5 14.a3 Be7 15.Bd2 h6 16.Re1 O-O
17.axb4 Bxb4 18.Nc3 Qb6 19.Qe2 Nc5 20.Na4 Nxa4 21.Rxa4 a5 22.Bxb4 Nxb4 23.Bc4 Rac8
24.b3 Bc6 25.Raa1 Bxf3 26.gxf3 Rfd8 27.Rad1 Rd4 28.Rxd4 Qxd4 29.Rd1 Qf4 30.Qe4 Qxe4
31.fxe4 g5 32.Ra1 Rc5 33.f3 Nc6 34.Kf2 Nxe5 35.Ra4 Kg7 36.Ke3 Nc6 37.f4 Kf6
38.fxg5+ hxg5 39.Ra2 Ke7 40.h3 Re5 41.Kf3 Nd4+ 42.Ke3 Nf5+ 43.Kf3 Nh4+ 44.Ke3 Nf5+
45.Kf3 Nd6 46.Bd3 Rc5 47.Ke3 e5 48.Rb2 f6 49.b4 axb4 50.Rxb4 Rc8 51.Ra4 Rh8
52.Bf1 Rh4 53.Ra7+ Kf8 54.Bg2 Nb5 55.Ra8+ Kg7 56.Rb8 Nd4 57.Kf2 Ne6 58.Rb7+ Kg6
59.Kg3 Nf4 60.Bf1 Nh5+ 61.Kf2 Rf4+ 62.Kg2 Rxe4 63.Kg1 Rd4 64.Bg2 Nf4 65.Bf1 Rd2
66.Rb3 Ne2+ 67.Kh1 Nd4 68.Re3 Kf5 69.Bg2 Ke6  0-1

[Event "RUS-Cup03 (Geller mem)"]
[Site "Moscow"]
[Date "1999.02.11"]
[Round "2"]
[White "Dragomarezkij, Evgeni"]
[Black "Bykov, Andrey"]
[Result "1/2-1/2"]
[WhiteElo "2486"]
[BlackElo "2391"]

1.c4 c6 2.Nf3 Nf6 3.Nc3 d5 4.e3 e6 5.d4 Nbd7 6.Qc2 Bd6 7.b3 O-O 8.Be2 Qe7
9.O-O b6 10.Bb2 Bb7 11.Rad1 Rad8 12.e4 Nxe4 13.Nxe4 dxe4 14.Qxe4 Nf6 15.Qc2 c5
16.dxc5 Bxc5 17.Ng5 e5 18.Bf3 Bxf3 19.Nxf3 Ng4 20.Rde1 f6 21.Bc1 Ba3 22.h3 Bxc1
23.hxg4 Ba3 24.g5 Qf7 25.gxf6 gxf6 26.Nh4 Kh8 27.Nf5 Qh5 28.Rd1 Bc5 29.Rxd8 Rxd8
30.Qe4 Rg8 31.Re1 Rg5 32.Ne3 Bd4 33.Qa8+ Rg8 34.Qxa7 Qf3 35.g3 Rxg3+ 36.fxg3 Qxg3+
37.Kf1 Qf3+ 38.Kg1 Bxe3+ 39.Rxe3 Qxe3+ 40.Kf1 Kg8 41.Qe7 Qf3+ 42.Ke1 e4 43.Qe8+ Kg7
44.Qe7+ Kg6 45.Qe8+ Kg5 46.Qg8+ Kf4 47.Qb8+ Kg5 48.Qg8+  1/2-1/2

[Event "Goodricke 10th op"]
[Site "Calcutta"]
[Date "1999.02.12"]
[Round "7"]
[White "Gokhale, Anupama"]
[Black "Soham, Das"]
[Result "1/2-1/2"]
[WhiteElo "2215"]
[BlackElo "2055"]

1.d4 d5 2.c4 c6 3.Nf3 Nf6 4.Nc3 e6 5.e3 Bd6 6.Qc2 Nbd7 7.Be2 O-O 8.O-O dxc4
9.Bxc4 Qe7 10.Rd1 e5 11.h3 Re8 12.Ng5 Rf8 13.Bd2 h6 14.Nge4 Bc7 15.Bb3 exd4
16.Nxf6+ Nxf6 17.exd4 Qd6 18.Ne4 Qh2+ 19.Kf1 Nh5 20.Bxh6 Re8 21.Bxf7+ Kxf7
22.Ng5+ Kf8 23.Bxg7+ Nxg7 24.Nh7+ Kf7 25.Ng5+ Kf8 26.Nh7+ Kf7 27.Ng5+  1/2-1/2

[Event "RUS-Cup03 (Geller mem)"]
[Site "Moscow"]
[Date "1999.02.12"]
[Round "3"]
[White "Kalugin, Sergei"]
[Black "Kulikov, Alexander O"]
[Result "1/2-1/2"]
[WhiteElo "2355"]
[BlackElo "2405"]

1.d4 d5 2.c4 c6 3.Nc3 Nf6 4.e3 e6 5.Nf3 Nbd7 6.Qc2 Bd6 7.Bd2 O-O 8.O-O-O dxc4
9.Bxc4 c5 10.Nb5 Be7 11.dxc5 a6 12.Nd6 Nxc5 13.Bc3 Bxd6 14.Ng5 g6 15.b4 Nd5
16.bxc5 Qxg5 17.h4 Qg4 18.Bxd5 exd5 19.cxd6 Bf5 20.Qd2 Rac8 21.Kb2 Qa4 22.Rc1 Rfd8  1/2-1/2

[Event "Goodricke 10th op"]
[Site "Calcutta"]
[Date "1999.02.13"]
[Round "8"]
[White "Wojtkiewicz, Aleksander"]
[Black "Slobodjan, Roman"]
[Result "1/2-1/2"]
[WhiteElo "2570"]
[BlackElo "2535"]

1.Nf3 d5 2.d4 Nf6 3.c4 c6 4.Nc3 e6 5.e3 Nbd7 6.Qc2 Bd6 7.Bd2 O-O 8.Bd3 dxc4
9.Bxc4 a6 10.Ne4 Nxe4 11.Qxe4 c5 12.Bc3 Nf6 13.Qc2 cxd4 14.Bxd4 b5 15.Bd3  1/2-1/2

[Event "Goodricke 10th op"]
[Site "Calcutta"]
[Date "1999.02.13"]
[Round "8"]
[White "Mohota, Nisha"]
[Black "Deshmukh, Anup"]
[Result "1-0"]
[WhiteElo "2155"]
[BlackElo "2430"]

1.d4 d5 2.c4 c6 3.Nf3 Nf6 4.Nc3 e6 5.e3 Nbd7 6.Bd3 Bd6 7.e4 dxe4 8.Nxe4 Nxe4
9.Bxe4 Bb4+ 10.Bd2 Bxd2+ 11.Qxd2 Nf6 12.Qe3 Qa5+ 13.Qd2 Qh5 14.Bc2 O-O 15.O-O-O c5
16.Rhe1 cxd4 17.Re5 Qh6 18.Qxh6 gxh6 19.Rxd4 b6 20.Re3 Bb7 21.Ne5 Rac8 22.Rh4 Rc7
23.Rg3+ Kh8 24.Rxh6 Ne4 25.Rgh3 Kg7 26.Rxh7+ Kf6 27.f4 Nd6 28.R3h6+ Ke7 29.Ng6+ Ke8
30.Nxf8 Kxf8 31.Rxe6 Nxc4 32.Re2 Bc8 33.Rh8+ Kg7 34.Rd8 Bg4 35.Ree8 Kf6 36.Rd3 b5
37.Rb8 a6 38.h3 Be2 39.Rc3 Rd7 40.Re8 Bf1 41.g4 b4 42.Rf3 Bg2 43.Rg3 Bh1
44.g5+ Kg7 45.f5 f6 46.Re1 Bd5 47.gxf6+ Kxf6 48.Rg6+ Kf7 49.f6 Be6 50.Rg7+ Kxf6
51.Rxd7 Bxd7 52.Re4 Bb5 53.b3  1-0

[Event "US Amateur Team East"]
[Site "Parsippany"]
[Date "1999.02.13"]
[Round "1"]
[White "Johnson, Eric C"]
[Black "Belakovskaia, Anjelina"]
[Result "0-1"]
[WhiteElo "2098"]
[BlackElo "2286"]

1.d4 d5 2.c4 c6 3.Nc3 Nf6 4.e3 e6 5.Nf3 Nbd7 6.Bd3 dxc4 7.Bxc4 b5 8.Bd3 Bb7
9.O-O a6 10.e4 c5 11.d5 c4 12.dxe6 cxd3 13.exf7+ Kxf7 14.Qb3+ Ke8 15.Ng5 Qe7
16.Nd5 Nc5 17.Qd1 Qd8 18.b4 Nxd5 19.exd5 Qxd5 20.Qg4 Qxg2+ 21.Qxg2 Bxg2 22.Re1+ Kd7
23.Kxg2 Na4 24.Bd2 Be7 25.Nf7 Bf6 26.Nxh8 Bxa1 27.Rxa1 Rxh8 28.Re1 Re8 29.Rxe8 Kxe8
30.Kf3 Kd7 31.Ke3 Ke6 32.Kxd3 Kd5 33.Bc1 g6 34.f3 Ke5 35.h3 Nb6 36.Be3 Nd5
37.a3 Nf4+ 38.Kd2 Nxh3 39.Bh6 Nf4 40.Ke3 Nd5+ 41.Kd3 Nb6 42.Kc3 Kd5 43.Bc1 Nc4
44.Kd3 h5 45.f4 h4 46.Ke2 Ke4 47.Kf2 Kf5 48.Kf3 Nb6 49.Bd2 Nd5 50.Bc1 h3
51.Kg3 Nxf4  0-1